000 00372nam a22001697a 4500
003 UA-OsUOA
001 3465
007 ta
008 20050721b un ||||| |||| 00| 0 ukr d
100 _aMacdonald
700 _aMalcolm H.
942 _cBK
040 _aUA-OsUOA
_cUA-OsUOA
_dUA-OsUOA
245 _aOutside Readings in American Government.
955 _a2
650 7 _2UDC
999 _c289627
_d289627